000 00862 a2200205 4500
001 53946
005 20260407155810.0
008 260407a1947 arg spa d
003 AR-UNSa-BCEJYS
040 _aAR-UNSa-BCEJYS
_bspa
_cAR-UNSa-BCEJYS
080 _a336.745
_xCambio de monedas. Moneda extranjera
245 1 0 _aLecciones de económia política
264 1 _aMadrid :
_bAguilar
_c1947
300 _a473 p.
_c22 cm.
505 _alibro I: 1. La teoría del valor - 2. La teoría de la producción y de la distribución - 3. Acumulación de capital - Libro II: 1. El dinero y sus funciones - 2. La moneda - 3. La velocidad de circulación del dinero-la política bancaria y el crédito - 4. el valor de cambio del dinero
942 _cBK
590 _aniveau_biblio:m niveau_hierar:0
100 1 _aWicksell, Knut
700 1 _aSánchez Ramos, Francisco
999 _c5291
_d5291